Biggest Cities in West Bengal - Statistics

General Stats
  • This quiz has been taken 39 times
  • The average score is 4 of 10
Answer Stats
Population City % Correct
14,112,536 Kolkata
100%
581,409 Durgapur
78%
1,243,008 Asansol
69%
701,489 Siliguri
66%
293,719 Kharagpur
41%
347,016 Bardhaman
28%
305,609 Baharampur
9%
304,584 Habra
9%
324,237 English Bazar
3%
288,718 Shantipur
3%
No matching quizzes found
Score Distribution
Percent of People with Each Score
Percentile by Number Answered
Your Score History
You have not taken this quiz